Barokní náboženská bratrstva, šlechta a slavnosti

Titel: Barokní náboženská bratrstva, šlechta a slavnosti
Verfasser:
In: Slavnosti a zábavy na dvorech a v rezidenčních městech raného novověku, (2000), Seite 345-358
alle Artikel anzeigen
Veröffentlicht: 2000
Format: Aufsatz
Sprache: Tschechisch
Kein Bild verfügbar
X
alg: 39299236
001A    $01999:11-11-16 
001B    $01999:06-04-21 $t20:52:59.000 
001D    $01999:11-11-16 
001U    $0utf8 
001X    $00 
002@    $0Aox 
003@    $0392992361 
007A    $0392992361 $aHEB 
007T    $0Herdp19470 
010@    $acze 
011@    $a2000 
021A    $aBarokní náboženská bratrstva, šlechta a slavnosti 
028A    $aMikulec $dJiří 
031A    $h345-358 $j2000 
037A    $afranc. res. 357-358: Les confréries baroques, la noblesse et les fêtes 
039B    $aIn $8--Aau--. Slavnosti a zábavy na dvorech a v rezidenčních městech raného novověku. - Vyd. 1.. - České Budějovice, 2000. - 610 S.. - Ill.. - ISBN 80-7040-384-5 $x200000000000000655 $9092017436 
039U    $8--Aox--Hlaváček, Petr$Z1974- [Tp3]. Mikulec, Jiří. Barokní náboženská bratrstva, šlechta a slavnosti. -  2000 [Rezension], 2002 $9395237580 
045F    $a900.9437109032 $eDDC23BSB 
045F/01 $a900 
045F/03 $f09032 
045F/03 $f9033 
045F/03 $f9034 
045F/03 $g4371 

lok: 39299236 78

exp: 39299236 78 1 #EPN
201B/01 $026-11-17 $t01:23:47.000 
201U/01 $0utf8 
203@/01 $0789102676 
208@/01 $a11-11-16 $be 
209A/01 $a/ $f000 $x00 
220C/01 $aTitelaufnehmer: rb 
220C/01 $aHerkunft: HÚ AV ČR Praha 
244Z/01 $#Tschechien $#Tschechische Republik $#Tschechische Republik $#Tschechenland $#Tschechei Tschechien $#Česká Republika $#Czech Republic $#ČR $74303381-7 $8--Tg1--Tschechien $x01 $9086659812 
244Z/01 $2Trx $#Böhmen $#Bohemia $#Czechy $8--Trx--Čechy $x02 $9391188941 
244Z/01 $aGeschichte 1620-1783 $x03 
244Z/01 $2Trx $#vennaskonnad $#religinės brolijos $#brotherhoods $#testvériségek, egyletek $#bractwa religijne $#bratstvá náboženské $#bratrstva náboženská $#bractwa kościelne $8--Trx--Bruderschaften $x04 $9391375113 
244Z/01 $2Trx $#barokk $#barokas $#Baroque $#barokk $#barok $#baroko $#baroko $8--Trx--Barock $x05 $9391357646 
244Z/01 $2Trx $#aadel Böömimaa $#Čekijos bajorai $#gentry Bohemia $#nemesség Bohémia $#szlachta Czechy $#šľachta Čechy $#šlechta Čechy $8--Trx--Adel$gBöhmen $x06 $9391368141 
244Z/01 $2Trx $#pidustused $#šventės $#Celebrations $#ünnepek $#uroczystości $#slávnosti, sviatky $#slavnosti $8--Trx--Feste $x07 $939136636X 
244Z/01 $2Trx $8--Trx--Einzelbeiträge $x08 $9391384570 
245Z/01 $a06.03.03 $x01 
247C/01 $82080>Marburg/Lahn, Herder-Institut, Forschungsbibliothek, Bibliographieportal $9336309341
LEADER 00000caa a22000002c 4500
001 392992361
003 DE-603
005 20210406205259.0
007 tu
008 161111s2000 xx |||| | u00||u|cze c
035 |a (DE-599)HEB392992361 
040 |a DE-603  |b ger  |c DE-603  |d DE-603 
041 |a cze 
082 0 4 |8 1\u  |a 900.9437109032  |q DE-101  |2 23/BSB 
085 |8 1\u  |b 900 
085 |8 1\u  |z 1  |s 09032 
085 |8 1\u  |z 1  |s 9033 
085 |8 1\u  |z 1  |s 9034 
085 |8 1\u  |z 2  |s 4371 
100 1 |a Mikulec, Jiří 
245 0 0 |a Barokní náboženská bratrstva, šlechta a slavnosti 
264 0 |c 2000 
500 |a franc. res. 357-358: Les confréries baroques, la noblesse et les fêtes 
773 0 8 |i In  |t Slavnosti a zábavy na dvorech a v rezidenčních městech raného novověku  |b Vyd. 1.  |d České Budějovice, 2000  |h 610 S., Ill.  |z 8070403845  |g (2000), Seite 345-358  |w (DE-603)092017436 
787 0 8 |i Rezensiert in  |a Hlaváček, Petr, 1974-  |t Mikulec, Jiří. Barokní náboženská bratrstva, šlechta a slavnosti. - 2000 [Rezension]  |w (DE-603)395237580 
924 0 |9 2080  |a (DE-603)789102676  |b DE-2080  |c HES  |d d  |g /